Suomen vanhinta jalkapalloseuraa - Statistics

Yleistilastot
  • Tätä visaa on pelattu 52 kertaa
  • Keskiarvotulos 10 / 20
Vastaustilastot
Perustettu Paikkakunta Seura % Oikein
1907 Helsinki Helsingin JK
98%
1897 Helsinki Helsingfors IFK
85%
1922 Turku Turun PS
85%
1924 Vaasa Vaasan PS
83%
1919 Maarianhamina IFK Mariehamn
70%
1905 Tammisaari Ekenäs IF
63%
1891 Viipuri Lahden Reipas
60%
1900 Vaasa Vasa IFK
58%
1908 Turku Åbo IFK
53%
1917 Helsinki Helsingin PS
53%
1924 Kokkola Gamlakarleby BK
45%
1887 Helsinki Helsingin Ponnistus
45%
1903 Hanko Hangö IK
43%
1908 Helsinki Kiffen
43%
1914 Joutseno Joutsenon Kullervo
40%
1919 Helsinki Helsinki Kullervo
38%
1912 Turku Turun Weikot
28%
1919 Kuopio Kuopion Elo
20%
1923 Kuopio Kuopion PS
18%
1920 Tampere Tampereen Kisatoverit
8%
Ehtoja vastaavia visoja ei löytynyt
Tulosjakauma
Jokaisen tuloksen saaneiden osuus
Persentiili vastausten määrän mukaan
Tuloshistoriasi
Et ole pelannut tätä visaa